[Event "PRO League Stage"]
[Site "Chess.com INT"]
[Date "2020.01.13"]
[Round "2"]
[White "Berchtenbreiter, Maximilian"]
[Black "So, Wesley"]
[Result "0-1"]
[WhiteElo "2488"]
[BlackElo "2765"]
[PlyCount "134"]
[EventDate "2020.01.06"]
[EventType "team-swiss (rapid)"]
[EventRounds "7"]
[EventCountry "USA"]
[SourceTitle "CBM 194 Extra"]
[Source "ChessBase"]
[SourceDate "2020.03.31"]
[SourceVersion "1"]
[SourceVersionDate "2020.03.31"]
[SourceQuality "1"]
[WhiteTeam "UK Lions"]
[BlackTeam "Saint Louis Arch Bishops"]
[WhiteTeamCountry "ENG"]
[BlackTeamCountry "USA"]

1. e4 c5 2. Nf3 d6 3. d4 cxd4 4. Nxd4 Nf6 5. Nc3 a6 6. Bg5 Nbd7 7. Qe2 h6 8.
Bh4 e6 9. f4 Qc7 10. O-O-O b5 11. g4 Be7 12. Bg2 Bb7 13. e5 dxe5 14. fxe5 Nh7
15. Bxe7 Kxe7 16. Bxb7 Qxb7 17. Rhf1 Rac8 18. Nd5+ Ke8 19. Qf3 Nc5 20. b4 Ng5
21. Nf6+ gxf6 22. Qxf6 Rh7 23. bxc5 Qe7 24. Qxe7+ Kxe7 25. c6 Ne4 26. Rf3 h5
27. Ra3 Nc5 28. g5 h4 29. g6 fxg6 30. Rc3 Na4 31. Rf3 Rh5 32. Re1 Nc5 33. Ref1
Rxe5 34. Rf7+ Kd6 35. Rd1 Rd5 36. c3 e5 37. Nf3 Rxd1+ 38. Kxd1 Rxc6 39. Rf6+
Ne6 40. Ng5 Kd5 41. Rxg6 Nxg5 42. Rxg5 Rxc3 43. Rg4 Rc4 44. Rg2 a5 45. Rg8 Ra4
46. Rg2 e4 47. Kc1 Rc4+ 48. Kd2 Kd4 49. Rg8 Ra4 50. Rd8+ Kc4 51. Rc8+ Kb4 52.
Rc2 Ra3 53. Ke2 a4 54. Rb2+ Kc4 55. Rc2+ Rc3 56. Rd2 b4 57. Rb2 h3 58. Kf2 Rf3+
59. Ke2 a3 60. Rc2+ Rc3 61. Rd2 b3 62. axb3+ Kxb3 63. Rd8 a2 64. Rb8+ Kc2 65.
Ra8 Kb2 66. Kd2 a1=Q 67. Rxa1 e3+ 0-1

[Event "PRO League Stage"]
[Site "Chess.com INT"]
[Date "2020.01.13"]
[Round "2"]
[White "Jones, Gawain C B"]
[Black "So, Wesley"]
[Result "1/2-1/2"]
[WhiteElo "2679"]
[BlackElo "2765"]
[PlyCount "91"]
[EventDate "2020.01.06"]
[EventType "team-swiss (rapid)"]
[EventRounds "7"]
[EventCountry "USA"]
[SourceTitle "CBM 194 Extra"]
[Source "ChessBase"]
[SourceDate "2020.03.31"]
[SourceVersion "1"]
[SourceVersionDate "2020.03.31"]
[SourceQuality "1"]
[WhiteTeam "UK Lions"]
[BlackTeam "Saint Louis Arch Bishops"]
[WhiteTeamCountry "ENG"]
[BlackTeamCountry "USA"]

1. e4 e5 2. Nf3 Nc6 3. Bc4 Bc5 4. c3 Nf6 5. d4 exd4 6. cxd4 Bb4+ 7. Bd2 Nxe4 8.
Bxb4 Nxb4 9. Bxf7+ Kxf7 10. Qb3+ Kf8 11. Qxb4+ Qe7 12. Qxe7+ Kxe7 13. O-O Re8
14. Re1 Kf8 15. Nc3 Nxc3 16. bxc3 d6 17. Rxe8+ Kxe8 18. Re1+ Kf8 19. h3 h6 20.
g4 Bd7 21. Nh4 Kf7 22. f4 g6 23. Kf2 a5 24. Kg3 Ra6 25. f5 gxf5 26. Nxf5 Bxf5
27. gxf5 Rc6 28. Re3 b5 29. Kf4 Rc4 30. Ke4 Ra4 31. Re2 Rc4 32. Kd3 Ra4 33. Rb2
c6 34. d5 cxd5 35. Rxb5 Rxa2 36. Rxd5 Ke7 37. f6+ Kxf6 38. Rxd6+ Kg5 39. c4
Ra3+ 40. Kd2 Rxh3 41. c5 Rh4 42. Kc3 Rh1 43. Kb2 Rh4 44. Kc3 Rh1 45. Kb2 Rh4
46. Kc3 1/2-1/2

[Event "PRO League Stage"]
[Site "Chess.com INT"]
[Date "2020.01.13"]
[Round "2"]
[White "So, Wesley"]
[Black "Harvey, Marcus Ross"]
[Result "0-1"]
[WhiteElo "2765"]
[BlackElo "2419"]
[PlyCount "98"]
[EventDate "2020.01.06"]
[EventType "team-swiss (rapid)"]
[EventRounds "7"]
[EventCountry "USA"]
[SourceTitle "CBM 194 Extra"]
[Source "ChessBase"]
[SourceDate "2020.03.31"]
[SourceVersion "1"]
[SourceVersionDate "2020.03.31"]
[SourceQuality "1"]
[WhiteTeam "Saint Louis Arch Bishops"]
[BlackTeam "UK Lions"]
[WhiteTeamCountry "USA"]
[BlackTeamCountry "ENG"]

1. e4 e6 2. d4 d5 3. Nc3 Nf6 4. e5 Nfd7 5. f4 c5 6. Nf3 Nc6 7. Be3 a6 8. Qd2
Qb6 9. Na4 Qb4 10. Qxb4 Nxb4 11. Kd2 b6 12. c3 Nc6 13. b3 Bb7 14. Be2 Rc8 15.
Rhc1 cxd4 16. cxd4 Ba3 17. Rc2 O-O 18. Ne1 b5 19. Nb2 Nb4 20. Rxc8 Rxc8 21.
Nbd3 a5 22. Nxb4 Bxb4+ 23. Kd1 Bc3 24. Rc1 b4 25. Bb5 Nb8 26. Nf3 Kf8 27. Bd3
h6 28. f5 Ba6 29. Bxa6 Nxa6 30. g4 Nc7 31. a4 h5 32. fxe6 hxg4 33. Ng5 Nxe6 34.
Nxe6+ fxe6 35. Ke2 Kf7 36. Rf1+ Kg6 37. Rf4 Bb2 38. Rxg4+ Kf7 39. Bd2 Bc1 40.
Kd1 Bxd2 41. Kxd2 Rc3 42. Rg3 Rxg3 43. hxg3 Kg6 44. Ke3 Kf5 45. Kf3 Kg5 46. Kf2
Kg4 47. Kg2 g6 48. Kf2 Kh3 49. Kf3 g5 0-1

[Event "PRO League Stage"]
[Site "Chess.com INT"]
[Date "2020.01.20"]
[Round "3"]
[White "Bruzon Batista, Lazaro"]
[Black "So, Wesley"]
[Result "0-1"]
[WhiteElo "2640"]
[BlackElo "2765"]
[PlyCount "96"]
[EventDate "2020.01.06"]
[EventType "team-swiss (rapid)"]
[EventRounds "7"]
[EventCountry "USA"]
[SourceTitle "CBM 194 Extra"]
[Source "ChessBase"]
[SourceDate "2020.03.31"]
[SourceVersion "1"]
[SourceVersionDate "2020.03.31"]
[SourceQuality "1"]
[WhiteTeam "Chicago Wind"]
[BlackTeam "Saint Louis Arch Bishops"]
[WhiteTeamCountry "USA"]
[BlackTeamCountry "USA"]

1. Nf3 d5 2. g3 g6 3. Bg2 Bg7 4. d4 Nf6 5. O-O O-O 6. c3 Nbd7 7. Bf4 c5 8. Nbd2
b6 9. Ne5 Bb7 10. Qa4 Qe8 11. Rfd1 Nxe5 12. Qxe8 Nxe8 13. Bxe5 Bxe5 14. dxe5
Nc7 15. f4 Rad8 16. a4 a5 17. e3 Ba6 18. Nf3 Rd7 19. Bh3 e6 20. Kf2 Rfd8 21.
Bf1 Bxf1 22. Kxf1 Kf8 23. Kf2 h5 24. h3 Ke7 25. Ke2 Na6 26. b3 Rc8 27. Rab1 Rb7
28. Nd2 Rd8 29. Nf3 Rc7 30. g4 Rh8 31. Kf2 hxg4 32. hxg4 c4 33. bxc4 Rxc4 34.
Rxb6 Nc5 35. Kg2 Rxc3 36. Rc6 Nxa4 37. Rxc3 Nxc3 38. Rd2 a4 39. Rb2 Ra8 40.
Rb7+ Ke8 41. Ng5 a3 42. f5 a2 43. f6 Ne4 44. Re7+ Kd8 45. Nxf7+ Kc8 46. Nd6+
Nxd6 47. exd6 a1=Q 48. f7 Ra2+ 0-1

[Event "PRO League Stage"]
[Site "Chess.com INT"]
[Date "2020.01.20"]
[Round "3"]
[White "Robson, Ray"]
[Black "So, Wesley"]
[Result "0-1"]
[WhiteElo "2673"]
[BlackElo "2765"]
[PlyCount "110"]
[EventDate "2020.01.06"]
[EventType "team-swiss (rapid)"]
[EventRounds "7"]
[EventCountry "USA"]
[SourceTitle "CBM 194 Extra"]
[Source "ChessBase"]
[SourceDate "2020.03.31"]
[SourceVersion "1"]
[SourceVersionDate "2020.03.31"]
[SourceQuality "1"]
[WhiteTeam "Chicago Wind"]
[BlackTeam "Saint Louis Arch Bishops"]
[WhiteTeamCountry "USA"]
[BlackTeamCountry "USA"]

1. e4 e5 2. Nf3 Nc6 3. Bb5 a6 4. Ba4 Nf6 5. O-O Be7 6. Re1 b5 7. Bb3 O-O 8. a4
b4 9. d4 d6 10. dxe5 Nxe5 11. Nxe5 dxe5 12. Qxd8 Rxd8 13. Nd2 Bc5 14. Nf3 Ng4
15. Be3 Bxe3 16. fxe3 Rd6 17. Rad1 Be6 18. Rxd6 cxd6 19. Rd1 Bxb3 20. cxb3 Nf6
21. Rxd6 Nxe4 22. Rc6 Rd8 23. h3 f6 24. Rc4 Rd1+ 25. Kh2 Nd2 26. Nxd2 Rxd2 27.
Rxb4 Rxb2 28. a5 Re2 29. e4 Ra2 30. Rb8+ Kf7 31. b4 Re2 32. b5 axb5 33. a6 Ra2
34. Rxb5 Rxa6 35. Rb3 Ra4 36. Re3 h5 37. Kg3 Ra2 38. Kf3 h4 39. Rb3 Kg6 40. Rc3
Kg5 41. Rb3 Ra1 42. Re3 Rf1+ 43. Ke2 Kf4 44. Ra3 Rb1 45. Ra7 g5 46. Ra6 Rb2+
47. Kf1 Kg3 48. Rxf6 Rxg2 49. Rf5 Kxh3 50. Rxe5 g4 51. Rf5 Ra2 52. e5 g3 53.
Rg5 g2+ 54. Kg1 Ra1+ 55. Kf2 Rf1+ 0-1

[Event "PRO League Stage"]
[Site "Chess.com INT"]
[Date "2020.01.20"]
[Round "3"]
[White "So, Wesley"]
[Black "Nyzhnyk, Illya"]
[Result "0-1"]
[WhiteElo "2765"]
[BlackElo "2662"]
[PlyCount "128"]
[EventDate "2020.01.06"]
[EventType "team-swiss (rapid)"]
[EventRounds "7"]
[EventCountry "USA"]
[SourceTitle "CBM 194 Extra"]
[Source "ChessBase"]
[SourceDate "2020.03.31"]
[SourceVersion "1"]
[SourceVersionDate "2020.03.31"]
[SourceQuality "1"]
[WhiteTeam "Saint Louis Arch Bishops"]
[BlackTeam "Chicago Wind"]
[WhiteTeamCountry "USA"]
[BlackTeamCountry "USA"]

1. c4 e6 2. Nc3 d5 3. d4 Bb4 4. Qa4+ Nc6 5. e3 Nf6 6. Nf3 O-O 7. Qc2 dxc4 8.
Bxc4 a6 9. O-O Bd6 10. Rd1 Qe8 11. a3 e5 12. h3 Qe7 13. b4 Bd7 14. d5 Na7 15.
e4 h6 16. Be3 Nb5 17. Ne2 Nh5 18. Bd3 c6 19. Bc4 Rac8 20. Qd2 Nf6 21. Ng3 cxd5
22. Bxd5 Nxd5 23. Qxd5 Be6 24. Qd2 Rfd8 25. Bb6 Bc7 26. Qe3 Rxd1+ 27. Rxd1 Bxb6
28. Qxb6 Nxa3 29. Nxe5 Bb3 30. Rd3 Qxe5 31. Rxb3 Rc1+ 32. Kh2 Nc4 33. Qd8+ Kh7
34. Rd3 Rb1 35. Qf8 Qg5 36. Rd8 Ne5 37. Qg8+ Kg6 38. Rd6+ f6 39. Qe8+ Kh7 40.
Qe6 Qf4 41. Qf5+ Qxf5 42. Nxf5 Rxb4 43. f4 Nf7 44. Rd7 Kg8 45. Ne7+ Kf8 46.
Ng6+ Kg8 47. Ne7+ Kf8 48. Ng6+ Kg8 49. Re7 Nh8 50. Nh4 Kf8 51. Rc7 Rxe4 52.
Rxb7 Rxf4 53. Rb8+ Kf7 54. g3 Rxh4 55. gxh4 Ng6 56. Kg3 h5 57. Ra8 Ne5 58. Rxa6
Kg6 59. Ra7 Kh6 60. Ra5 Ng6 61. Rb5 Ne5 62. Rb8 Ng6 63. Rb4 Ne5 64. Kf4 Nd3+
0-1

[Event "PRO League Stage"]
[Site "Chess.com INT"]
[Date "2020.01.20"]
[Round "3"]
[White "So, Wesley"]
[Black "Quesada Perez, Yuniesky"]
[Result "1/2-1/2"]
[WhiteElo "2765"]
[BlackElo "2601"]
[PlyCount "75"]
[EventDate "2020.01.06"]
[EventType "team-swiss (rapid)"]
[EventRounds "7"]
[EventCountry "USA"]
[SourceTitle "CBM 194 Extra"]
[Source "ChessBase"]
[SourceDate "2020.03.31"]
[SourceVersion "1"]
[SourceVersionDate "2020.03.31"]
[SourceQuality "1"]
[WhiteTeam "Saint Louis Arch Bishops"]
[BlackTeam "Chicago Wind"]
[WhiteTeamCountry "USA"]
[BlackTeamCountry "USA"]

1. c4 e6 2. Nc3 d5 3. d4 Nf6 4. cxd5 Nxd5 5. e4 Nxc3 6. bxc3 c5 7. a3 g6 8. Nf3
Bg7 9. h4 h6 10. Bd3 cxd4 11. cxd4 Nc6 12. e5 b6 13. Be3 Bb7 14. h5 g5 15. O-O
Ne7 16. Bb5+ Bc6 17. Bxc6+ Nxc6 18. Nd2 Qd5 19. Rc1 O-O 20. Qg4 Ne7 21. Ne4 Nf5
22. Ng3 Nxg3 23. Qxg3 Rac8 24. f4 Rxc1 25. Rxc1 gxf4 26. Qxf4 Qb3 27. Rf1 Qxa3
28. Rf3 Qd3 29. Rg3 Qd1+ 30. Kf2 Qc2+ 31. Ke1 Kh8 32. Rxg7 Kxg7 33. Qf6+ Kh7
34. Qxh6+ Kg8 35. Qg5+ Kh7 36. Qh6+ Kg8 37. Qg5+ Kh7 38. Qh6+ 1/2-1/2

[Event "PRO League Stage"]
[Site "Chess.com INT"]
[Date "2020.01.29"]
[Round "4"]
[White "So, Wesley"]
[Black "Oparin, Grigoriy"]
[Result "1-0"]
[WhiteElo "2765"]
[BlackElo "2650"]
[PlyCount "57"]
[EventDate "2020.01.06"]
[EventType "team-swiss (rapid)"]
[EventRounds "7"]
[EventCountry "USA"]
[SourceTitle "CBM 194 Extra"]
[Source "ChessBase"]
[SourceDate "2020.03.31"]
[SourceVersion "1"]
[SourceVersionDate "2020.03.31"]
[SourceQuality "1"]
[WhiteTeam "Saint Louis Arch Bishops"]
[BlackTeam "California Unicorns"]
[WhiteTeamCountry "USA"]
[BlackTeamCountry "USA"]

1. e4 e5 2. Nf3 Nc6 3. Bb5 a6 4. Ba4 Nf6 5. O-O Be7 6. d3 d6 7. c3 O-O 8. Re1
Re8 9. Nbd2 Bf8 10. d4 b5 11. Bc2 Bb7 12. a3 g6 13. Nf1 Bg7 14. Ng3 d5 15. Bg5
dxe4 16. Nxe4 exd4 17. Nxf6+ Bxf6 18. Rxe8+ Qxe8 19. Bxf6 dxc3 20. Bxc3 Rd8 21.
Qc1 Ne7 22. Qh6 Qf8 23. Qxf8+ Kxf8 24. Bb4 Bxf3 25. gxf3 Rd5 26. Rd1 Rg5+ 27.
Kf1 Ke8 28. Re1 c5 29. Bc3 1-0

[Event "PRO League Stage"]
[Site "Chess.com INT"]
[Date "2020.01.29"]
[Round "4"]
[White "So, Wesley"]
[Black "Zierk, Steven C"]
[Result "1-0"]
[WhiteElo "2765"]
[BlackElo "2509"]
[PlyCount "79"]
[EventDate "2020.01.06"]
[EventType "team-swiss (rapid)"]
[EventRounds "7"]
[EventCountry "USA"]
[SourceTitle "CBM 194 Extra"]
[Source "ChessBase"]
[SourceDate "2020.03.31"]
[SourceVersion "1"]
[SourceVersionDate "2020.03.31"]
[SourceQuality "1"]
[WhiteTeam "Saint Louis Arch Bishops"]
[BlackTeam "California Unicorns"]
[WhiteTeamCountry "USA"]
[BlackTeamCountry "USA"]

1. e4 e6 2. d4 d5 3. Nc3 Bb4 4. exd5 exd5 5. Bd3 Nc6 6. a3 Ba5 7. Nge2 Nge7 8.
O-O O-O 9. Bg5 f6 10. Be3 Bf5 11. Bxf5 Nxf5 12. b4 Bb6 13. Nf4 Bxd4 14. Bxd4
Ncxd4 15. Ncxd5 g5 16. Qg4 Kh8 17. Ne6 Qxd5 18. Nxf8 Qc4 19. Rae1 Rxf8 20. f4
Qxc2 21. fxg5 Rg8 22. h4 fxg5 23. hxg5 Qd2 24. Qf4 Qxf4 25. Rxf4 Rxg5 26. Kf2
Nc6 27. b5 Nce7 28. g4 Kg8 29. gxf5 Rxf5 30. Rxf5 Nxf5 31. Re8+ Kf7 32. Rc8 Nd6
33. Rxc7+ Ke6 34. a4 Kd5 35. Ke2 a6 36. b6 Nc4 37. Rxb7 Kd6 38. Rb8 Na5 39. Rc8
h5 40. Kf3 1-0

[Event "PRO League Stage"]
[Site "Chess.com INT"]
[Date "2020.01.29"]
[Round "4"]
[White "Swiercz, Dariusz"]
[Black "So, Wesley"]
[Result "1/2-1/2"]
[WhiteElo "2659"]
[BlackElo "2765"]
[PlyCount "89"]
[EventDate "2020.01.06"]
[EventType "team-swiss (rapid)"]
[EventRounds "7"]
[EventCountry "USA"]
[SourceTitle "CBM 194 Extra"]
[Source "ChessBase"]
[SourceDate "2020.03.31"]
[SourceVersion "1"]
[SourceVersionDate "2020.03.31"]
[SourceQuality "1"]
[WhiteTeam "California Unicorns"]
[BlackTeam "Saint Louis Arch Bishops"]
[WhiteTeamCountry "USA"]
[BlackTeamCountry "USA"]

1. e4 e5 2. Nf3 Nc6 3. Bb5 Nf6 4. O-O Nxe4 5. d4 Nd6 6. Bxc6 dxc6 7. dxe5 Nf5
8. Qxd8+ Kxd8 9. h3 Ne7 10. Nc3 Bd7 11. b3 b6 12. Bb2 Kc8 13. Rad1 h6 14. Rd2
c5 15. Rfd1 Be6 16. Ne2 g5 17. Nh2 Kb7 18. Ng4 Nc6 19. c4 a5 20. a4 Bxg4 21.
hxg4 Bg7 22. Ng3 Bxe5 23. Bxe5 Nxe5 24. f3 Rae8 25. Kf2 Kc8 26. Nf5 Nc6 27. Rd7
Rd8 28. Rxd8+ Rxd8 29. Rxd8+ Kxd8 30. Nxh6 Ke8 31. Nf5 Nd4 32. Nxd4 cxd4 33.
Ke2 Ke7 34. Kd3 c5 35. Ke4 Kd6 36. g3 Ke6 37. Kd3 Ke5 38. Ke2 f5 39. gxf5 Kxf5
40. Kd3 Ke5 41. Kd2 Kf6 42. Kd3 Kf5 43. Kd2 Ke6 44. Kd3 Ke5 45. Kd2 1/2-1/2

[Event "PRO League Stage"]
[Site "Chess.com INT"]
[Date "2020.02.05"]
[Round "5"]
[White "So, Wesley"]
[Black "Firouzja, Alireza"]
[Result "1-0"]
[WhiteElo "2765"]
[BlackElo "2726"]
[PlyCount "113"]
[EventDate "2020.01.06"]
[EventType "team-swiss (rapid)"]
[EventRounds "7"]
[EventCountry "USA"]
[SourceTitle "CBM 194 Extra"]
[Source "ChessBase"]
[SourceDate "2020.03.31"]
[SourceVersion "1"]
[SourceVersionDate "2020.03.31"]
[SourceQuality "1"]
[WhiteTeam "Saint Louis Arch Bishops"]
[BlackTeam "Canada Chessbrahs"]
[WhiteTeamCountry "USA"]
[BlackTeamCountry "CAN"]

1. d4 Nf6 2. c4 e6 3. Nf3 d5 4. g3 Be7 5. Bg2 O-O 6. O-O c6 7. Qc2 Nbd7 8. Nbd2
b6 9. e4 dxc4 10. Nxc4 Bb7 11. Rd1 c5 12. Nfe5 cxd4 13. Rxd4 Qc8 14. Nxd7 Nxd7
15. Qd1 Nf6 16. Bg5 Bc5 17. Nd6 Bxd6 18. Bxf6 gxf6 19. Rxd6 Qc5 20. Rd7 Rab8
21. Rc1 Qe5 22. Qg4+ Qg5 23. Qxg5+ fxg5 24. Rcc7 Ba6 25. Rxa7 Bb5 26. Rdc7 g4
27. h3 h5 28. hxg4 hxg4 29. Bf1 Bxf1 30. Kxf1 Rbd8 31. Ke2 Kg7 32. Rab7 Rd6 33.
Rd7 Rxd7 34. Rxd7 Rc8 35. Kd3 Kf6 36. a4 Rc1 37. Rb7 Rd1+ 38. Ke3 Re1+ 39. Kd4
Rd1+ 40. Kc4 Ke5 41. Rxb6 Kxe4 42. a5 Ra1 43. b4 Kf3 44. a6 Kxf2 45. b5 Kxg3
46. Rb7 f5 47. a7 Kf2 48. b6 g3 49. Rg7 g2 50. Rg8 Ra4+ 51. Kb5 Rg4 52. Rxg4
fxg4 53. a8=Q g1=Q 54. Qa2+ Kf3 55. Qb3+ Kf4 56. b7 Qa7 57. Qa4+ 1-0

[Event "PRO League Stage"]
[Site "Chess.com INT"]
[Date "2020.02.05"]
[Round "5"]
[White "So, Wesley"]
[Black "Saric, Ivan"]
[Result "1/2-1/2"]
[WhiteElo "2765"]
[BlackElo "2655"]
[PlyCount "31"]
[EventDate "2020.01.06"]
[EventType "team-swiss (rapid)"]
[EventRounds "7"]
[EventCountry "USA"]
[SourceTitle "CBM 194 Extra"]
[Source "ChessBase"]
[SourceDate "2020.03.31"]
[SourceVersion "1"]
[SourceVersionDate "2020.03.31"]
[SourceQuality "1"]
[WhiteTeam "Saint Louis Arch Bishops"]
[BlackTeam "Canada Chessbrahs"]
[WhiteTeamCountry "USA"]
[BlackTeamCountry "CAN"]

1. d4 Nf6 2. c4 g6 3. Nc3 Bg7 4. e4 d6 5. f3 O-O 6. Be3 c5 7. dxc5 dxc5 8. Qxd8
Rxd8 9. Bxc5 Nc6 10. Nd5 Nd7 11. Bxe7 Nxe7 12. Nxe7+ Kf8 13. Nd5 Bxb2 14. Rb1
Be5 15. Nh3 Nc5 16. Nf2 1/2-1/2

[Event "PRO League Stage"]
[Site "Chess.com INT"]
[Date "2020.02.12"]
[Round "6"]
[White "Flores, Diego"]
[Black "So, Wesley"]
[Result "1/2-1/2"]
[WhiteElo "2599"]
[BlackElo "2765"]
[PlyCount "148"]
[EventDate "2020.01.06"]
[EventType "team-swiss (rapid)"]
[EventRounds "7"]
[EventCountry "USA"]
[SourceTitle "CBM 194 Extra"]
[Source "ChessBase"]
[SourceDate "2020.03.31"]
[SourceVersion "1"]
[SourceVersionDate "2020.03.31"]
[SourceQuality "1"]
[WhiteTeam "Argentina Krakens"]
[BlackTeam "Saint Louis Arch Bishops"]
[WhiteTeamCountry "ARG"]
[BlackTeamCountry "USA"]

1. c4 Nf6 2. Nc3 e5 3. Nf3 Nc6 4. e3 Bb4 5. Nd5 e4 6. Ng1 O-O 7. Qc2 Re8 8. a3
Bd6 9. f4 exf3 10. Nxf3 Nxd5 11. cxd5 Ne5 12. Be2 c6 13. b3 cxd5 14. Bb2 b6 15.
O-O Bb7 16. Nd4 g6 17. Nf5 Bf8 18. Ng3 Rc8 19. Bc3 Nc6 20. Nh5 d4 21. Nf6+ Kh8
22. Nxe8 Qxe8 23. Bb2 Bg7 24. Bf3 Ne5 25. Qd1 Bxf3 26. gxf3 Nd3 27. Bxd4 Bxd4
28. exd4 Qe7 29. f4 Qe4 30. Qf3 Qxd4+ 31. Qe3 Qxe3+ 32. dxe3 Rc3 33. b4 Kg7 34.
Ra2 a5 35. bxa5 bxa5 36. Rd2 Rxa3 37. e4 Nc5 38. e5 a4 39. Rc1 Nb3 40. Rd3 Nxc1
41. Rxa3 Ne2+ 42. Kf2 Nxf4 43. Kf3 g5 44. Rxa4 Kg6 45. Ke4 Ne6 46. Kd5 h5 47.
Ra7 Nf8 48. Ra8 Ne6 49. Ra7 Nf8 50. Kd6 g4 51. Ra1 h4 52. Rf1 Ne6 53. Rf6+ Kg7
54. Kxd7 h3 55. Ke7 Ng5 56. Rf4 g3 57. hxg3 h2 58. Rh4 Nf3 59. Rh5 Kg6 60. Rh8
Kf5 61. Kxf7 Nxe5+ 62. Kg7 Nf3 63. Kf7 Kg4 64. Rxh2 Nxh2 65. Ke6 Nf3 66. Kd7
Ng5 67. Kc6 Ne4 68. Kb5 Nc3+ 69. Kc6 Ne2 70. Kb7 Nc1 71. Kc6 Nd3 72. Kd5 Ne5
73. Kxe5 Kf3 74. Kf5 Kxg3 1/2-1/2

[Event "PRO League Stage"]
[Site "Chess.com INT"]
[Date "2020.02.12"]
[Round "6"]
[White "So, Wesley"]
[Black "Obregon, Carlos Andres"]
[Result "1-0"]
[WhiteElo "2765"]
[BlackElo "2525"]
[PlyCount "137"]
[EventDate "2020.01.06"]
[EventType "team-swiss (rapid)"]
[EventRounds "7"]
[EventCountry "USA"]
[SourceTitle "CBM 194 Extra"]
[Source "ChessBase"]
[SourceDate "2020.03.31"]
[SourceVersion "1"]
[SourceVersionDate "2020.03.31"]
[SourceQuality "1"]
[WhiteTeam "Saint Louis Arch Bishops"]
[BlackTeam "Argentina Krakens"]
[WhiteTeamCountry "USA"]
[BlackTeamCountry "ARG"]

1. d4 Nf6 2. c4 e6 3. Nf3 d5 4. g3 Bb4+ 5. Bd2 Bd6 6. Nc3 c6 7. Qc2 Nbd7 8. e4
Nxe4 9. Nxe4 dxe4 10. Qxe4 Nf6 11. Qc2 b6 12. Bg2 Bb7 13. O-O O-O 14. Rad1 h6
15. Rfe1 Qc8 16. Qc1 Re8 17. c5 Bf8 18. Ne5 Nd5 19. b4 Qc7 20. h4 Rad8 21. g4
f6 22. Ng6 Qf7 23. Qc2 bxc5 24. bxc5 Ba6 25. h5 Rb8 26. f4 Qd7 27. Re4 Nc7 28.
Rde1 Red8 29. Be3 Rb4 30. Bf2 Rdb8 31. f5 exf5 32. Nxf8 Kxf8 33. Re7 Qxe7 34.
Rxe7 Kxe7 35. Bg3 Rb1+ 36. Kh2 R8b2 37. Qxf5 Bf1 38. Qe4+ Kf7 39. Bf2 Nd5 40.
Qg6+ Kf8 41. Bxd5 cxd5 42. Qf5 Bb5 43. Kg3 Rc1 44. Be3 Rc3 45. Kf3 Be2+ 46. Kf4
Bb5 47. Qxd5 Re2 48. Qd6+ Kg8 49. Qb8+ Kh7 50. Qxb5 Rexe3 51. c6 Re1 52. d5 Re5
53. Qb4 Rc1 54. Qd4 Rf1+ 55. Kg3 Rfe1 56. d6 R5e4 57. Qxe4+ Rxe4 58. d7 Rd4 59.
c7 Rxd7 60. c8=Q Rd3+ 61. Kh4 Rd2 62. Qf5+ Kh8 63. Qc8+ Kh7 64. a4 Re2 65. Qf5+
Kh8 66. Qc8+ Kh7 67. Qd7 Rh2+ 68. Kg3 Ra2 69. Qxa7 1-0

[Event "PRO League Stage"]
[Site "Chess.com INT"]
[Date "2020.02.12"]
[Round "6"]
[White "So, Wesley"]
[Black "Perez, Maximiliano"]
[Result "1-0"]
[WhiteElo "2765"]
[BlackElo "2417"]
[PlyCount "63"]
[EventDate "2020.01.06"]
[EventType "team-swiss (rapid)"]
[EventRounds "7"]
[EventCountry "USA"]
[SourceTitle "CBM 194 Extra"]
[Source "ChessBase"]
[SourceDate "2020.03.31"]
[SourceVersion "1"]
[SourceVersionDate "2020.03.31"]
[SourceQuality "1"]
[WhiteTeam "Saint Louis Arch Bishops"]
[BlackTeam "Argentina Krakens"]
[WhiteTeamCountry "USA"]
[BlackTeamCountry "ARG"]

1. d4 Nf6 2. c4 g6 3. f3 Bg7 4. e4 d6 5. Nc3 O-O 6. Nge2 e5 7. Bg5 exd4 8. Nxd4
h6 9. Be3 Nc6 10. Qd2 Bd7 11. Nxc6 Bxc6 12. Bd3 Nd7 13. O-O Kh7 14. b4 Ne5 15.
Be2 a6 16. Rac1 Bd7 17. Rfd1 Be6 18. Nd5 Nd7 19. Nf4 Qf6 20. c5 Ne5 21. cxd6
cxd6 22. Nd5 Bxd5 23. Qxd5 Nc6 24. Qxd6 Qb2 25. Qd2 Rfd8 26. Qxb2 Bxb2 27. Rb1
Rxd1+ 28. Rxd1 Kg8 29. Bc4 Rc8 30. Bb3 Rc7 31. Bxh6 Nxb4 32. Bf4 1-0

[Event "PRO League Stage"]
[Site "Chess.com INT"]
[Date "2020.02.12"]
[Round "6"]
[White "Villanueva, Mario Nicolas"]
[Black "So, Wesley"]
[Result "0-1"]
[WhiteElo "2478"]
[BlackElo "2765"]
[PlyCount "82"]
[EventDate "2020.01.06"]
[EventType "team-swiss (rapid)"]
[EventRounds "7"]
[EventCountry "USA"]
[SourceTitle "CBM 194 Extra"]
[Source "ChessBase"]
[SourceDate "2020.03.31"]
[SourceVersion "1"]
[SourceVersionDate "2020.03.31"]
[SourceQuality "1"]
[WhiteTeam "Argentina Krakens"]
[BlackTeam "Saint Louis Arch Bishops"]
[WhiteTeamCountry "ARG"]
[BlackTeamCountry "USA"]

1. e4 c5 2. Nf3 d6 3. d4 cxd4 4. Nxd4 Nf6 5. Nc3 a6 6. Be3 e6 7. Be2 Qc7 8. Qd2
b5 9. a3 Bb7 10. f3 Nc6 11. g4 Be7 12. g5 Nd7 13. h4 b4 14. axb4 Nxb4 15. Ncb5
axb5 16. Rxa8+ Bxa8 17. Qxb4 d5 18. Qxb5 O-O 19. exd5 Bxd5 20. Nf5 Bc5 21. Bxc5
Nxc5 22. b4 Ne4 23. fxe4 Bxe4 24. Nh6+ gxh6 25. Rg1 h5 26. Qc5 Qf4 27. Qd4
Qxh4+ 28. Qf2 Qxf2+ 29. Kxf2 Bxc2 30. b5 Rb8 31. Rc1 Be4 32. Rc4 Bg6 33. Rb4
Rb6 34. Ra4 Kg7 35. Ra6 Rb8 36. b6 h4 37. Ke3 e5 38. Bf3 e4 39. Bxe4 Re8 40.
Ra4 h3 41. b7 h2 0-1

[Event "PRO League Stage"]
[Site "Chess.com INT"]
[Date "2020.02.17"]
[Round "7"]
[White "Diamant, Andre"]
[Black "So, Wesley"]
[Result "0-1"]
[WhiteElo "2547"]
[BlackElo "2765"]
[PlyCount "42"]
[EventDate "2020.01.06"]
[EventType "team-swiss (rapid)"]
[EventRounds "7"]
[EventCountry "USA"]
[SourceTitle "CBM 194 Extra"]
[Source "ChessBase"]
[SourceDate "2020.03.31"]
[SourceVersion "1"]
[SourceVersionDate "2020.03.31"]
[SourceQuality "1"]
[WhiteTeam "Brazil Capybaras"]
[BlackTeam "Saint Louis Arch Bishops"]
[WhiteTeamCountry "BRA"]
[BlackTeamCountry "USA"]

1. c4 e5 2. g3 Nf6 3. Bg2 d5 4. cxd5 Nxd5 5. Nf3 Nc6 6. O-O Nb6 7. b3 Be6 8.
Bb2 f6 9. d4 e4 10. Nfd2 f5 11. e3 Be7 12. Ba3 Nb4 13. Nc4 O-O 14. Nbd2 N6d5
15. Bxb4 Bxb4 16. a3 Bc3 17. Rb1 b5 18. Ne5 c5 19. Rc1 cxd4 20. exd4 Rc8 21.
Nb1 Qb6 0-1